000 00341nam a22001457a 4500
008 221208b ||||| |||| 00| 0 eng d
020 _a9781464114069
041 _aeng
080 _2SIXTH EDITION
_a311
082 _a311LIN
100 _a25.2
101 _aSTATI
245 _aTHE BASIC PRACTICE STATISTICS
_cLINDER S.R
942 _2udc
_cBK
999 _c59132
_d59132